| 000 | 00842 a2200217 4500 | ||
|---|---|---|---|
| 003 | OSt | ||
| 005 | 20230331140930.0 | ||
| 008 | 220728s2012 mx a||||r|||| 00| 0 spa d | ||
| 020 | _a9786074874211 | ||
| 040 | _cCHAP | ||
| 082 | 0 | 0 |
_a660.65 _bO16 _222 |
| 100 | 1 |
_9186586 _aOcman, Claudia |
|
| 245 | 1 | 0 |
_aBiotecnología y conocimiento tradicional : _bredes de políticas en el debate contemoráneo / _cpor Claudia Ocman |
| 264 | 1 |
_aPuebla, Puebla : _aMéxico, D. F. : _bBenemérita Universidad Autónoma de Puebla ; _bPlaza y Valdés, _c2012. |
|
| 300 |
_a257 páginas. _bgráficas, tablas. |
||
| 504 | _aIncluye glosario y bibliografía. | ||
| 650 | 2 |
_9186587 _aBiotecnología _xAspectos políticos |
|
| 650 | 2 |
_9186589 _aBiotecnología _xAspectos sociales |
|
| 650 | 2 |
_9186588 _aBiotecnología _xOrganización internacional |
|
| 942 |
_2ddc _cLIBRO |
||
| 999 |
_c217404 _d217404 |
||